000 01177ntaaa2200337 4500
003 01
005 20251027201106.0
008 0714s1973 ag 01
020 _a0802809294
040 _aAR-BaBN
_bspa
_cAR-BaBN
_eaacr
_dRIC
082 _a301.421 M29f
100 _aMaldonado, Jorge E.
_98435
245 _aFundamentos bíblico teológicos del matrimonio y la familia /
_cJorge E Maldonado, Jorge Atiancia, C. René Padilla, Edesio Sánchez Cetina
250 _a1 ed.
260 _aBuenos Aires :
_bNueva creación,
_c1955
300 _a203 p ;
_c21,5 cm
500 _aContiene referencias bibliográficasEsta obra se distribuye en colaboración con EIRENE
650 _aMatrimonio
650 _aFamilia
650 _aBiblia-Familia
_98436
700 _aAtiancia, Jorge
_98437
700 _aPadilla, C. René
_9714
700 _aSánchez Cetina, Edesio
_98438
700 _aAllmen, Jean-Jaques von
_98439
700 _aBrepohl, Margareth
_98440
700 _aWesterhoff, John H
700 _aQuijada, Dorothy Flory de
_98442
700 _aAlianza Evangélica Española,
_98443
700 _aIglesia Evangélica Metodista Argentina,
_98444
942 _cBK
999 _c5107
_d5107